Statistics for NFL Players With MVP Votes Since 2000

Click here to take the quiz!

General Stats

  • This quiz has been taken 111 times
    (88 since last reset)
  • The average score is 35 of 44

Answer Stats

VotesPos.Team(s)Years with VotesAnswer% Correct
164QBPackers'11, '14, '16, '20, '21Aaron Rodgers
99%
91QBChiefs'19, '20, '22Patrick Mahomes II
99%
221QBColts, Broncos'00, '03-'06, '08, '09,
'12, '13
Peyton Manning
99%
180QBPatriots, Buccaneers'03, '05, '07, '10,
'13-'17, '21
Tom Brady
99%
50QBRavens'18Lamar Jackson
97%
48QBPanthers'15Cam Newton
96%
22.5QBChargers, Saints'06, '09, '18Drew Brees
96%
5QBBills'20, '22Josh Allen
94%
25QBFalcons'16Matt Ryan
94%
4QBChargers'08, '09Philip Rivers
94%
22QBPackers, Vikings'01, '02, '07, '09Brett Favre
93%
33.5RBVikings'08, '12Adrian Peterson
91%
13DETexans'14J.J. Watt
91%
22.5QBRams, Cardinals'01, '08Kurt Warner
91%
44RBChargers'06LaDainian Tomlinson
91%
6RBCowboys'16Ezekiel Elliott
89%
5RBRavens'03Jamal Lewis
89%
3MLBRavens'00, '03Ray Lewis
89%
41.5RBRams'00, '01Marshall Faulk
87%
1WRRams'21Cooper Kupp
86%
6QBRaiders'16Derek Carr
86%
2QBCowboys'14Tony Romo
86%
1QBCowboys'16Dak Prescott
84%
1QBEagles'22Jalen Hurts
84%
8RBRams'17Todd Gurley II
83%
2QBEagles'17Carson Wentz
81%
11QBEagles'00Donovan McNabb
79%
1MLBSeahawks'14Bobby Wagner
77%
3QBBengals, Cardinals'05, '15Carson Palmer
77%
2QBFalcons'02, '04Michael Vick
77%
27QBTitans'02, '03Steve McNair
77%
19RBSeahawks'05Shaun Alexander
76%
2RBCowboys'14DeMarco Murray
73%
6RBGiants'05Tiki Barber
73%
1RBTitans'08Chris Johnson
70%
24QBRaiders'00, '02Rich Gannon
69%
2MLBBears'01Brian Urlacher
66%
3OLBSteelers'08James Harrison
60%
8RBTitans'00Eddie George
59%
4RBChiefs'02, '03Priest Holmes
59%
1LBBuccaneers'02Derrick Brooks
41%
4QBDolphins'08Chad Pennington
36%
4RBFalcons'08Michael Turner
36%
4QBSteelers'01Kordell Stewart
31%

Score Distribution

Percentile by Number Answered

Percent of People with Each Score

Your Score History

You have not taken this quiz since the last reset